Gilligan's Island: Episodes Quiz Stats

 Plays Quiz not verified by Sporcle

Challenge
Share
Tweet
Embed
Score 0/98 Timer 15:00
0 Plays Today
% Correct
Feldman
87.2%
Water Everywhere
84.3%
a Raft
83.7%
Hut
83.1%
Wrongway Feldman
82%
on Mars Camera
82%
Fish Gotta Talk
79.1%
Beauty Does
79.1%
Please Stand Up?
78.5%
the Spot
77.9%
Gone Tomorrow
77.9%
Presents
77.3%
Turvy
77.3%
Ape's Best Friend
76.2%
It's a Plane
76.2%
Any Other Name
75%
Gilligan
72.7%
There Were None
72.7%
Big Gun
71.5%
Admirer
71.5%
It Sinks
70.3%
Vegetables, Please
70.3%
Not Yet
69.2%
The Mosquitoes
69.2%
Dig You Later
68%
Me Not
68%
Love My Skipper
68%
the Totem Pole
68%
of Quaking
67.4%
and Running
67.4%
Bang!
67.4%
Been Disconnected
66.3%
Eva
66.3%
% Correct
Sweet Skipper
65.1%
Dictator
65.1%
to Me
64%
Ahoax
64%
of Command
62.8%
a Will
62.8%
Have Tender Apes
62.8%
Cometh
62.2%
for Vitamins
61.6%
the Dragon
61%
a Hero
61%
Martial
61%
Gilligan
60.5%
Please Go Home?
60.5%
March
59.3%
Girl
58.7%
Charms
57.6%
Kitty
57.6%
Get Ready
56.4%
Fi Gilligan
56.4%
Doll
56.4%
Jungle Boy
55.8%
Around Gilligan
55.8%
to the Rescue
55.2%
Watubi
54.1%
the Island
54.1%
Fatness
53.5%
a Net
53.5%
My Island Now
52.9%
More or Less
52.3%
a-Go-Go
51.7%
a Little Stick
50.6%
Gilligan's Island
50%
% Correct
Island
49.4%
Labor
49.4%
Bugged
49.4%
Bat
49.4%
Producer
49.4%
Fair Gilligan
48.8%
Gung-Ho
48.3%
Dare
47.7%
Matchmaker
46.5%
Time
46.5%
Kidnapper
45.9%
Ginger Grant
45.9%
Mother-in-Law
45.3%
Hero
44.2%
???
44.2%
vs Gilligan
44.2%
Hunter
44.2%
Sam
43.6%
Guilty
43.6%
Gold Strike
43%
Physician
42.4%
Steam Heat
41.9%
the Goddess
41.3%
Old Paint
41.3%
Invasion
41.3%
Magic
40.7%
Sweepstakes
40.1%
Magnetism
39.5%
36%
Pigeon
35.5%
33.1%
Meteor
32%

You're not logged in!

Compare scores with friends on all Sporcle quizzes.
OR
Log In

You Might Also Like...

Show Comments

Extras

Top Quizzes Today


Score Distribution

Your Account Isn't Verified!

In order to create a playlist on Sporcle, you need to verify the email address you used during registration. Go to your Sporcle Settings to finish the process.

Report this User

Report this user for behavior that violates our Community Guidelines.

Details: